Inseln der Färöer - mit Karte - Statistiken

Allgemein
  • Dieses Quiz wurde 43 mal gespielt
    37 seit der letzten Aktualisierung
  • Das Durchschnittsergebnis liegt bei 17 aus 24
Antworten auf der Karte
Die Antworten werden auf der Karte rot bzw. grün angezeigt, abhängig davon wie oft sie richtig erraten wurden.
 
Antwortstatistiken
Größe in ha Inseln % Korrekt
37350 Streymoy
90%
28630 Eysturoy
86%
16600 Suðuroy
86%
17760 Vágar
86%
1100 Fugloy
81%
3090 Kalsoy
81%
9500 Borðoy
76%
610 Hestur
76%
250 Koltur
76%
80 Lítla Dímun
76%
11210 Sandoy
76%
2740 Svínoy
76%
1030 Mykines
71%
1030 Nólsoy
71%
270 Stóra Dímun
71%
3550 Kunoy
67%
1000 Skúvoy
67%
4100 Viðoy
67%
10 Gáshólmur
62%
45 Mykineshólmur
62%
65 Tindhólmur
62%
19 Trøllhøvdi
62%
7 Sumbiarhólmur
52%
7,5 Tjaldavíkshólmur
48%
Keine übereinstimmenden Quizze gefunden
Verteilung der Resultate
Anzahl Personen mit jedem Resultat
Perzentil nach korrekt beantworteten Fragen
Ihre Resultats-Entwicklung
Sie haben dieses Quiz seit der letzten Aktualisierung nicht gespielt